Work, welfare, and child maltreatment (Registro nro. 33405)
[ vista simple ]
| 000 -LEADER | |
|---|---|
| fixed length control field | 00362 a2200121 4500 |
| 001 - CONTROL NUMBER | |
| control field | ART_43486 |
| 005 - DATE AND TIME OF LATEST TRANSACTION | |
| control field | 20260410162024.0 |
| 008 - FIXED-LENGTH DATA ELEMENTS--GENERAL INFORMATION | |
| fixed length control field | 260409a |
| 100 1# - MAIN ENTRY--PERSONAL NAME | |
| Personal name | Paxson, Christina |
| 245 10 - TITLE STATEMENT | |
| Title | Work, welfare, and child maltreatment |
| 700 1# - ADDED ENTRY--PERSONAL NAME | |
| Personal name | Waldfogel, Jane |
| 773 0# - HOST ITEM ENTRY | |
| Title | Journal of labor economics |
| Related parts | - Vol. 20, Nº 3 (jul. 2002) |
| Record control number | REV43438 |
No hay ítems disponibles.